|
|
|
|
| LEADER |
00000nam0a2200000 4500 |
| 001 |
271361 |
| 005 |
20231031225322.0 |
| 035 |
|
|
|a (RuTPU)RU\TPU\book\294543
|
| 090 |
|
|
|a 271361
|
| 100 |
|
|
|a 20141007d1987 k y0rusy50 ca
|
| 101 |
0 |
|
|a rus
|
| 102 |
|
|
|a RU
|
| 105 |
|
|
|a a z 001zy
|
| 200 |
1 |
|
|a Распространение радиоволн километрового диапазона
|f Академия наук СССР (АН СССР), Кольский научный центр (КолНЦ), Полярный геофизический институт (ПГИ) ; под ред. М. И. Белоглазова
|
| 210 |
|
|
|a Апатиты
|c Изд-во Кольского филиала АН СССР
|d 1987
|
| 215 |
|
|
|a 118 с.
|c ил.
|
| 320 |
|
|
|a Библиогр. в конце ст.
|
| 606 |
1 |
|
|a Распространение радиоволн
|2 stltpush
|3 (RuTPU)RU\TPU\subj\23849
|
| 610 |
1 |
|
|a геофизические факторы
|
| 610 |
1 |
|
|a ионосфера
|
| 610 |
1 |
|
|a морфология
|
| 610 |
1 |
|
|a физика
|
| 610 |
1 |
|
|a волноводы
|
| 610 |
1 |
|
|a Земля-ионосфера
|
| 675 |
|
|
|a 621.371
|v 3
|
| 702 |
|
1 |
|a Белоглазов
|b М. И.
|4 340
|
| 712 |
0 |
2 |
|a Академия наук СССР (АН СССР)
|b Кольский научный центр (КолНЦ)
|b Полярный геофизический институт (ПГИ)
|c (Мурманск)
|2 stltpush
|3 (RuTPU)RU\TPU\col\19330
|
| 801 |
|
1 |
|a RU
|b 63413507
|c 20141007
|
| 801 |
|
2 |
|a RU
|b 63413507
|c 20160216
|g RCR
|
| 942 |
|
|
|c BK
|